What life could mean to you (Record no. 146633)

MARC details
000 -LEADER
fixed length control field 00551nam a2200217Ia 4500
003 - CONTROL NUMBER IDENTIFIER
control field OSt
005 - DATE AND TIME OF LATEST TRANSACTION
control field 20250923112545.0
008 - FIXED-LENGTH DATA ELEMENTS--GENERAL INFORMATION
fixed length control field 210210b2011 xxu||||| |||| 00| 0 eng d
020 ## - INTERNATIONAL STANDARD BOOK NUMBER
International Standard Book Number 9781851686704
040 ## - CATALOGING SOURCE
Transcribing agency AL
041 ## - LANGUAGE CODE
Language code of text/sound track or separate title eng
082 ## - DEWEY DECIMAL CLASSIFICATION NUMBER
Classification number 150.1953 ADLW
100 ## - MAIN ENTRY--PERSONAL NAME
Personal name Alfred Adler
9 (RLIN) 240066
245 ## - TITLE STATEMENT
Title What life could mean to you
Remainder of title : psychology of personal development
260 ## - PUBLICATION, DISTRIBUTION, ETC.
Place of publication, distribution, etc. England
Name of publisher, distributor, etc. Oneworld
Date of publication, distribution, etc. 2011
300 ## - PHYSICAL DESCRIPTION
Extent 250p
650 ## - SUBJECT ADDED ENTRY--TOPICAL TERM
Topical term or geographic name entry element development
9 (RLIN) 240074
690 ## - LOCAL SUBJECT ADDED ENTRY--TOPICAL TERM (OCLC, RLIN)
Topical term or geographic name as entry element Psychology
9 (RLIN) 240076
906 ## - LOCAL DATA ELEMENT F, LDF (RLIN)
a 066206
942 ## - ADDED ENTRY ELEMENTS (KOHA)
Source of classification or shelving scheme Dewey Decimal Classification
Koha item type Book
Holdings
Withdrawn status Lost status Source of classification or shelving scheme Damaged status Not for loan Collection code Home library Current library Date acquired Source of acquisition Cost, normal purchase price Total Checkouts Full call number Barcode Date last seen Date last checked out Price effective from Koha item type
    Dewey Decimal Classification     Psychology St Aloysius Library St Aloysius Library 02/17/2021 Viva Books Pvt Ltd, Bangalore 495.00 6 150.1953 ADLW 066206 09/30/2025 09/22/2025 02/17/2021 Book